Harry Potter 50 Facts Quiz Stats

 Plays Quiz not verified by Sporcle

Challenge
Share
Tweet
Embed
Score 0/50 Timer 08:00
0 Plays Today
% Correct
Ginny
92.2%
Lily
91.6%
James
91.6%
Arthur
91%
Ron
91%
Sprout
91%
Hagrid
91%
Molly
90.4%
Hedwig
90.4%
Nearly Headless Nick
90.4%
Sirius
89.8%
Vernon
89.8%
Hermione
89.8%
Dumbledore
89.8%
Albus Severus
89.2%
Lily Luna
89.2%
Dudley
89.2%
Mad Eye Moody
89.2%
Neville
89.2%
James Sirius
88.6%
Cho
88.6%
Buckbeak
88.6%
Oliver Wood
88.6%
Dobby
88%
Quirrell
88%
% Correct
Lupin
88%
Draco Malfoy
88%
Fleur
88%
Petunia
87.4%
Luna
87.4%
Flitwick
86.8%
Kreacher
86.8%
Trelawney
86.8%
Hooch
86.2%
Marge
85.6%
McGonagall
85.6%
Nimbus 2000
85%
Stan Shunpike
85%
Lockhart
84.4%
Lord Voldemort
84.4%
Firebolt
84.4%
Snape
83.8%
Teddy Lupin
83.2%
Binns
83.2%
Umbridge
83.2%
Angelina Johnson
83.2%
Greyback
82%
Firenze
81.4%
Hungarian Horntail
81.4%
Slughorn
80.8%

You're not logged in!

Compare scores with friends on all Sporcle quizzes.
Join for Free
OR
Log In

You Might Also Like...

Show Comments

Extras

Created Feb 2, 2013ReportNominate
Tags:identify

Top Quizzes Today


Score Distribution

Your Account Isn't Verified!

In order to create a playlist on Sporcle, you need to verify the email address you used during registration. Go to your Sporcle Settings to finish the process.

Report this User

Report this user for behavior that violates our Community Guidelines.

Details: